00391nam a2200157Ia 4500008004000000020001500040041000800055082001600063100002300079245002500102260004600127300001400173650001500187650001400202700001700216210210b2008 xxu||||| |||| 00| 0 eng d a0195694570 aeng a658.15 SRIF aSRIVASTAVA (Rajiv) aFinancial management aNew DelhibOxford University Pressc2008 axviii,794 amanagement aFinancial aMISRA (Anil)